<?xml version="1.0" encoding="UTF-8"?>
<record
    xmlns:xsi="http://www.w3.org/2001/XMLSchema-instance"
    xsi:schemaLocation="http://www.loc.gov/MARC21/slim http://www.loc.gov/standards/marcxml/schema/MARC21slim.xsd"
    xmlns="http://www.loc.gov/MARC21/slim">

  <leader>03316cam a2200337   4500500</leader>
  <controlfield tag="005">20260208005324.0</controlfield>
  <datafield tag="041" ind1=" " ind2=" ">
    <subfield code="a">fre</subfield>
  </datafield>
  <datafield tag="042" ind1=" " ind2=" ">
    <subfield code="a">dc</subfield>
  </datafield>
  <datafield tag="100" ind1="1" ind2="0">
    <subfield code="a">Durot, &#xC9;ric</subfield>
    <subfield code="e">author</subfield>
  </datafield>
  <datafield tag="245" ind1="0" ind2="0">
    <subfield code="a">Le pr&#xE9;dicant, h&#xE9;r&#xE9;tique et s&#xE9;ditieux. De l'&#xE9;dit de Compi&#xE8;gne (1557) &#xE0; l'&#xE9;dit de janvier (1562)</subfield>
  </datafield>
  <datafield tag="260" ind1=" " ind2=" ">
    <subfield code="c">2009.
							</subfield>
  </datafield>
  <datafield tag="500" ind1=" " ind2=" ">
    <subfield code="a">64</subfield>
  </datafield>
  <datafield tag="520" ind1=" " ind2=" ">
    <subfield code="a">R&#xC9;SUM&#xC9; La figure du pr&#xE9;dicant telle qu&#x2019;elle appara&#xEE;t pour le pouvoir royal est d&#xE9;finie clairement &#xE0; partir de l&#x2019;&#xE9;dit de Compi&#xE8;gne. Elle r&#xE9;v&#xE8;le un " singulier collectif " qui devient le principal vecteur des id&#xE9;es h&#xE9;r&#xE9;tiques et des scandales, un responsable d&#x2019;actes de s&#xE9;ditions et un individu sous les ordres des pasteurs de Gen&#xE8;ve. La construction de cette image repose sur la figure traditionnelle du faux proph&#xE8;te, largement remodel&#xE9;e par le contexte des ann&#xE9;es de gen&#xE8;se de la R&#xE9;forme fran&#xE7;aise. Entre&#xA0;1557 et&#xA0;1560, le " pr&#xE9;dicant " traduit l&#x2019;interpr&#xE9;tation de la crise religieuse &#x2013;&#xA0;et politique&#xA0;&#x2013; du pouvoir royal, il envahit son champ de l&#x2019;imaginaire et de son action politique, il est au c&#x153;ur de tous les &#xE9;dits, r&#xE9;pressifs comme d&#x2019;apaisement. En&#xA0;1561, apr&#xE8;s ce qui semble &#xEA;tre un apog&#xE9;e de cette figure paradigmatique, la r&#xE9;gence de Catherine de M&#xE9;dicis cherche &#xE0; imposer une politique de concorde qui recompose la figure du pr&#xEA;cheur h&#xE9;t&#xE9;rodoxe, qui peut d&#xE9;sormais &#xEA;tre aussi un pr&#xE9;dicateur catholique exclusiviste. Et, par l&#x2019;&#xE9;dit de janvier&#xA0;1562, elle promeut des pr&#xE9;dicants calvinistes au statut de ministres de la Religion.</subfield>
  </datafield>
  <datafield tag="520" ind1=" " ind2=" ">
    <subfield code="a">ABSTRACT The Edict of Compi&#xE8;gne clearly defines how the " pr&#xE9;dicants " are perceived by the royal authorities&#xA0;: the predicant acts for himself and on behalf of those he represents, he is the most important vehicle for heretic ideas and scandals, he is responsible for insurrectionary acts and obeys the preachers in Geneva. This image is built upon the traditional figure of the false prophet such as it was revisited during the first years of the French R&#xE9;forme. Between&#xA0;1557 and&#xA0;1560, this perception of the predicant is the consequence of a crisis &#x2013;&#xA0;political as well as religious&#xA0;&#x2013; of the royal power which becomes obsessed with it. Hence the predicants become the target of every edict, whether they are repressive or, on the contrary, meant to pacify the people. In&#xA0;1561, after what is generally regarded as the climactic period for this paradigmatic figure, Queen Regent Catherine de M&#xE9;dicis tries to impose an agreement which gives a new dimension to the heterodox preacher, who, from then on, may also be a Catholic preacher. Finally, in her 1562&#xA0;edict, Catherine de M&#xE9;dicis raises some Calvinist predicants to the status of ministers of Religion.</subfield>
  </datafield>
  <datafield tag="690" ind1=" " ind2=" ">
    <subfield code="a">&#xE9;dits de religion</subfield>
  </datafield>
  <datafield tag="690" ind1=" " ind2=" ">
    <subfield code="a">France</subfield>
  </datafield>
  <datafield tag="690" ind1=" " ind2=" ">
    <subfield code="a">Gen&#xE8;ve</subfield>
  </datafield>
  <datafield tag="690" ind1=" " ind2=" ">
    <subfield code="a">Mots cl&#xE9;s&#xA0;: XVIe&#xA0;si&#xE8;cle</subfield>
  </datafield>
  <datafield tag="690" ind1=" " ind2=" ">
    <subfield code="a">pers&#xE9;cutions</subfield>
  </datafield>
  <datafield tag="690" ind1=" " ind2=" ">
    <subfield code="a">pr&#xE9;dicant</subfield>
  </datafield>
  <datafield tag="690" ind1=" " ind2=" ">
    <subfield code="a">R&#xE9;forme</subfield>
  </datafield>
  <datafield tag="690" ind1=" " ind2=" ">
    <subfield code="a">16th&#xA0;Century</subfield>
  </datafield>
  <datafield tag="690" ind1=" " ind2=" ">
    <subfield code="a">edicts of Religion</subfield>
  </datafield>
  <datafield tag="690" ind1=" " ind2=" ">
    <subfield code="a">France</subfield>
  </datafield>
  <datafield tag="690" ind1=" " ind2=" ">
    <subfield code="a">Geneva</subfield>
  </datafield>
  <datafield tag="690" ind1=" " ind2=" ">
    <subfield code="a">persecutions</subfield>
  </datafield>
  <datafield tag="690" ind1=" " ind2=" ">
    <subfield code="a">predicant</subfield>
  </datafield>
  <datafield tag="690" ind1=" " ind2=" ">
    <subfield code="a">Reformation</subfield>
  </datafield>
  <datafield tag="786" ind1="0" ind2=" ">
    <subfield code="n">Revue historique | 649 | 1 | 2009-05-01 | p. 39-64 | 0035-3264</subfield>
  </datafield>
  <datafield tag="856" ind1="4" ind2="1">
    <subfield code="u">https://shs.cairn.info/revue-historique-2009-1-page-39?lang=fr&amp;redirect-ssocas=7080</subfield>
  </datafield>
  <datafield tag="999" ind1=" " ind2=" ">
    <subfield code="c">1651605</subfield>
    <subfield code="d">1651605</subfield>
  </datafield>
</record>
